000 00310nam a22001217a 4500
008 160421b xxu||||| |||| 00| 0 eng d
020 _a9780781745000
020 _a0781745004
041 _aeng
080 _a618.2
245 _aMedical surgical nursing ;
_cSuzanne C. Smeltzer; Brenda G. Bare;
942 _2udc
_cBK
999 _c1485
_d1485